[Event "16th Battle of Senta Open A"]
[Site "Senta SRB"]
[Date "2012.07.15"]
[Round "3.18"]
[White "Strugnell,C"]
[Black "Stojkovska,M"]
[Result "1-0"]
[WhiteElo "2234"]
[BlackElo "1909"]

1.e4 c5 2.Nc3 Nc6 3.Bb5 Nd4 4.Nf3 Nxb5 5.Nxb5 d6 6.d4 Nf6 7.Nc3 cxd4 8.Qxd4 a6
9.Bg5 e6 10.O-O-O Be7 11.Rhe1 Qc7 12.e5 dxe5 13.Nxe5 O-O 14.Qh4 Rd8 15.Rxd8+ Qxd8
16.Rd1 Qc7 17.Ng4 Nd5 18.Bxe7 Nxe7 19.Qg3 Qa5 20.Qe5 b5 21.Qd6 Ng6 22.Qc6 Rb8
23.Qe8+ Nf8 24.Ne5 Qc7 25.Rd8 Qc5 26.Qxf7+  1-0

[Event "ch-PHI Grand Final 2012"]
[Site "Boracay PHI"]
[Date "2012.07.16"]
[Round "3.7"]
[White "Bitoon,R"]
[Black "Pascua,H"]
[Result "1/2-1/2"]
[WhiteElo "2442"]
[BlackElo "2310"]

1.e4 c5 2.Nc3 Nc6 3.Nge2 e5 4.Nd5 g6 5.Nec3 a6 6.a4 Bg7 7.Bc4 d6 8.d3 Be6
9.h4 h6 10.Be3 Nf6 11.Nxf6+ Bxf6 12.Bxe6 fxe6 13.Qg4 Kd7 14.Qxg6 Rg8 15.Qf7+ Be7
16.O-O Rf8 17.Qh5 Bxh4 18.g3 Rg8 19.Ne2 Bg5 20.Bxg5 Qxg5 21.Qxg5 hxg5 22.c3 Rh8
23.Kg2 Rh7 24.Rh1 Rah8 25.Rxh7+ Rxh7 26.Rd1 Rh8 27.Ng1 Ke7 28.Nf3 Kf6 29.Nh2 Rh7
30.Ng4+ Kg6 31.Ne3 Kf6 32.Kf3 Kg6 33.Rb1 Rh2 34.Nc2 Rh7 35.b4 cxb4 36.Nxb4 Na7
37.Ke3 Rc7 38.Na2 Nc8 39.c4 Rd7 40.Nc3 Ne7 41.Ne2 Rc7 42.f4 gxf4+ 43.gxf4 Nc6
44.Rg1+ Kf6 45.Rf1 Ke7 46.f5 Rc8 47.Rh1 Rf8 48.fxe6 Kxe6 49.Rh6+ Rf6 50.Rh7 Rf7
51.Rh6+ Rf6 52.Rh7 Rf7  1/2-1/2

[Event "Corporation Centre Cup A"]
[Site "Izhevsk RUS"]
[Date "2012.07.16"]
[Round "2"]
[White "Avdeenko,T"]
[Black "Khalilov,Denis"]
[Result "1-0"]
[WhiteElo "2157"]
[BlackElo "1966"]

1.e4 c5 2.Nc3 Nc6 3.Bb5 g6 4.Bxc6 dxc6 5.d3 Bg7 6.Be3 b6 7.Nge2 Nf6 8.h3 O-O
9.O-O Ne8 10.f4 Nc7 11.f5 Nb5 12.Qd2 Nd4 13.fxg6 hxg6 14.Rf2 Nxe2+ 15.Qxe2 Be6
16.a3 Qd7 17.Raf1 Rad8 18.Kh1 Bd4 19.Rf3 Kg7 20.Qf2 Bxe3 21.Qxe3 c4 22.Ne2 cxd3
23.cxd3 Rh8 24.Nf4 Rdf8 25.Qf2 Rh6 26.Qg3 Bg4 27.Re3 e5 28.Ne2 Bxe2 29.Rxe2 f6
30.Ref2 g5 31.Rf5 Qe6 32.Qg4 Qe8 33.Kg1 Rg6 34.d4 exd4 35.e5 Qe6 36.exf6+ Rfxf6
37.Rxf6 Rxf6 38.Qxg5+ Rg6 39.Qd8 Qe3+ 40.Kh1 Kh7 41.Rf7+ Rg7 42.Qh4+ Kg8
43.Rf4 Rg6 44.Rxd4 Qc1+ 45.Kh2 Qxb2 46.Qd8+ Kf7 47.Rd7+ Ke6 48.Rd6+ Kf5 49.Qd7+  1-0

[Event "Turkish Bank Chess League 2012"]
[Site "Konya TUR"]
[Date "2012.07.16"]
[Round "7"]
[White "Komut,K"]
[Black "Kinsiz,O"]
[Result "1-0"]
[WhiteElo "1996"]
[BlackElo "2166"]

1.e4 c5 2.Nf3 Nc6 3.Nc3 e5 4.Bc4 Be7 5.Nd5 d6 6.h3 Nf6 7.Nxf6+ Bxf6 8.O-O Be6
9.d3 O-O 10.Bd5 Bxd5 11.exd5 Ne7 12.c4 b5 13.Rb1 Rb8 14.Bd2 b4 15.Kh2 Ng6
16.Qc1 Be7 17.g3 f5 18.Bg5 h6 19.Bxe7 Qxe7 20.Qe3 Qf6 21.Nd2 Rbe8 22.b3 Ne7
23.Rbe1 g5 24.f4 gxf4 25.gxf4 Ng6 26.fxe5 Rxe5 27.Qxh6 Rfe8 28.Rg1 Re2+ 29.Kh1 Kf7
30.Nf3 Nf8 31.Qh5+ Ke7 32.Nd4 cxd4 33.Qxe2+ Kd7 34.Qf2 Qf7 35.Ref1 Qf6 36.Qxf5+  1-0

[Event "Turkish Bank Chess League 2012"]
[Site "Konya TUR"]
[Date "2012.07.16"]
[Round "7"]
[White "Eminov,O"]
[Black "Polatel,A"]
[Result "0-1"]
[WhiteElo "2227"]
[BlackElo "2129"]

1.e4 c5 2.Nf3 Nc6 3.Nc3 e5 4.Bc4 Be7 5.d3 d6 6.h3 Nf6 7.Nd2 O-O 8.Nf1 Be6
9.Ne3 Nd7 10.a3 Bg5 11.h4 Bh6 12.Ncd5 Kh8 13.g4 Bf4 14.c3 Rb8 15.a4 a6 16.Qf3 b5
17.Ba2 b4 18.Bc4 bxc3 19.bxc3 Qa5 20.O-O Qd8 21.Nxf4 exf4 22.Qxf4 Nde5 23.Qg3 Nxc4
24.dxc4 Rb3 25.Rd1 Rxc3 26.Qxd6 Qxd6 27.Rxd6 Rc8 28.Rb1 Nd4 29.Kg2 a5 30.Bd2 Ra3
31.Bxa5 Rxa4 32.Bc3 Nc6 33.Nf5 Bxf5 34.gxf5 h5 35.Rc1 f6 36.Bb2 Ra2 37.Ba1 Kg8
38.Rd7 Re8 39.Rc7 Nb4 40.Bc3 Rxe4 41.Bxb4 cxb4 42.Rb7 Rf4 43.Rxb4 Rfxf2+
44.Kg3 Rxf5 45.c5 Rff2 46.c6 Rfc2 47.Rc4 Rxc1 48.Rxc1 Ra8 49.Kf4 Kf7 50.Rc5 Rc8
51.Ke4 Ke6 52.c7 Kd6 53.Rxh5 Rxc7 54.Rh7 Ke6 55.h5 f5+ 56.Kf3 Rc3+ 57.Kf4 Rc4+
58.Kf3 Kf6 59.h6 g6 60.Ra7 Rh4 61.h7 Kg5 62.Kg3 f4+ 63.Kf3 Rh3+ 64.Kg2 Kg4
65.Rg7 f3+ 66.Kf2 g5 67.Ra7 Rh2+ 68.Ke3 Kg3 69.Rf7 g4 70.Rg7 Rh5 71.Rf7 Kg2
72.Rf4 Kg3 73.Rf7 Re5+ 74.Kd4 Re8 75.Re7 Rd8+ 76.Ke3 f2  0-1

[Event "Turkish Bank Chess League 2012"]
[Site "Konya TUR"]
[Date "2012.07.16"]
[Round "7"]
[White "Emiroglu,C"]
[Black "Atakisi,U"]
[Result "1/2-1/2"]
[WhiteElo "2278"]
[BlackElo "2338"]

1.e4 c5 2.Nf3 Nc6 3.Nc3 g6 4.Bb5 Nd4 5.Bc4 Bg7 6.d3 a6 7.Nxd4 cxd4 8.Ne2 e6
9.Bb3 Ne7 10.O-O d5 11.Bg5 dxe4 12.dxe4 Qb6 13.c3 Nc6 14.cxd4 Nxd4 15.Be3 Nxe2+
16.Qxe2 Qb5 17.Qd2 O-O 18.Rac1 a5 19.Rc5 Qb4 20.Qxb4 axb4 21.Rb5 Bxb2 22.Rxb4 Ba3
23.Rb6 Bd7 24.Rxb7 Bc6 25.Rc7 Bxe4 26.Rd1 Rfc8 27.Rdd7 Rxc7 28.Rxc7 Bd6 29.Rd7 Ba3
30.Bg5 Bc6 31.Rc7 Bd5 32.Bxd5 exd5 33.Rd7 Bf8 34.g3 Rxa2 35.Rxd5 Ra8 36.h4 h6
37.Bf6 Bg7 38.Bxg7 Kxg7 39.Kg2 h5 40.Kg1 Kg8 41.Kg2 Kg7  1/2-1/2

[Event "ch-SUI Hauptturnier 1 2012"]
[Site "Flims SUI"]
[Date "2012.07.17"]
[Round "6"]
[White "Seps,M"]
[Black "Sher,M"]
[Result "1/2-1/2"]
[WhiteElo "2193"]
[BlackElo "2410"]

1.e4 c5 2.Nc3 Nc6 3.Bb5 Nd4 4.Bc4 g6 5.Nf3 Bg7 6.Nxd4 cxd4 7.Qf3 Nh6 8.Ne2 O-O
9.d3 Ng4 10.Bb3 d6 11.Qg3 Nf6 12.Qh4 Nd7 13.f4 Nc5 14.f5 e6 15.Bg5 Qa5+ 16.Bd2 Qd8
17.Bg5 Qa5+ 18.Bd2  1/2-1/2

[Event "6th Varna Open"]
[Site "Varna BUL"]
[Date "2012.07.17"]
[Round "6.9"]
[White "Samoun,F"]
[Black "Spassov,L"]
[Result "1/2-1/2"]
[WhiteElo "2190"]
[BlackElo "2334"]

1.e4 c5 2.Nc3 Nc6 3.Bb5 Nd4 4.Bc4 e6 5.Nf3 a6 6.Nxd4 cxd4 7.Ne2 b5 8.Bb3 Bb7
9.d3 Bc5 10.c3 dxc3 11.bxc3 Nf6 12.O-O O-O 13.Ng3 Qc7 14.Bd2 Ba3 15.Qe2 Bb2
16.Rab1 Bxc3 17.Rfc1 b4 18.Bxe6 a5 19.Bh3 d5 20.e5 Rfe8 21.d4 Bc8 22.Bxc3 bxc3
23.Qd3 Ne4 24.Nxe4 dxe4 25.Qxc3 Qxc3 26.Rxc3 Bxh3 27.gxh3 f6 28.exf6 gxf6
29.Rb5 Kf7 30.Kf1 Reb8 31.Rcc5 Rxb5 32.Rxb5 Ke6 33.Ke2 Rc8 34.Rxa5 Rc3 35.Rh5 f5
36.Rxh7 Ra3 37.Kf1 Rxa2 38.Rh6+ Ke7 39.Rb6 f4 40.d5 f3 41.Re6+ Kd7 42.Rxe4 Kd6
43.Re3 Ra1+ 44.Re1 Ra4 45.Rd1 Rh4 46.Rd3 Rxh3 47.Kg1 Rh5 48.Rxf3 Kxd5 49.Re3 Rg5+
50.Kf1 Rh5 51.h3 Rh7 52.Kg2 Rg7+ 53.Kh2 Rh7 54.f3 Rh8 55.Re4 Rh7 56.h4 Rh8
57.Kh3 Rf8 58.Kg3 Rg8+ 59.Rg4 Rh8 60.Rg6 Ke5 61.Kg4 Rf8 62.h5 Rf4+ 63.Kg3 Rf8
64.h6 Kf5 65.Rg7 Rf6 66.Rh7 Rg6+ 67.Kf2 Kg5 68.Rh8 Ra6 69.Kg3 Rg6 70.f4+ Kh5+
71.Kf3 Ra6 72.h7 Ra3+ 73.Ke4 Ra4+ 74.Ke5 Ra5+ 75.Kd6 Ra6+ 76.Kd5 Ra5+ 77.Kc6 Kh6
78.Kd6 Ra6+ 79.Ke5 Ra5+ 80.Kf6 Ra6+ 81.Kf5 Ra5+ 82.Kg4 Kg7 83.Rf8 Kxh7 84.Rf5 Ra1
85.Kg5 Kg7 86.Rb5 Kf7 87.Rb7+ Kf8 88.f5 Ra6 89.Rh7 Rb6 90.f6 Rb1 91.Rh4 Kf7
92.Rh7+ Kf8  1/2-1/2

[Event "23rd Czech Open Rapid"]
[Site "Pardubice CZE"]
[Date "2012.07.19"]
[Round "7.10"]
[White "Oparin,G"]
[Black "Potapov,P"]
[Result "1-0"]
[WhiteElo "2480"]
[BlackElo "2458"]

1.e4 c5 2.Nf3 Nc6 3.Nc3 e5 4.Bc4 Be7 5.d3 d6 6.O-O Nf6 7.Ng5 O-O 8.f4 Bg4
9.Qe1 exf4 10.Bxf4 Nd4 11.Qd2 Qd7 12.Kh1 b5 13.Bd5 Nxd5 14.Nxd5 Ne6 15.Be3 Bd8
16.Nf3 f5 17.Ng5 Bxg5 18.Bxg5 fxe4 19.dxe4 Rf7 20.Rxf7 Qxf7 21.h3 Bh5 22.Ne7+ Kh8
23.Nf5 Bg6 24.Nxd6 Qd7 25.Bh4 Nd4 26.Bg3 Rf8 27.c3 Ne6 28.Qd5 h6 29.Rd1 Ng5
30.Kh2 Bxe4 31.Nxe4 Qxd5 32.Rxd5 Nxe4 33.Re5 Nxg3 34.Kxg3 Rc8 35.Re7 a6 36.Re6 Ra8
37.Rc6 c4 38.a4 bxa4 39.Rxc4 Rb8 40.Rb4 Rxb4 41.cxb4 Kh7 42.Kf4 Kg6 43.Ke5 Kg5
44.Kd5 Kf4 45.Kc5 Kg3 46.Kb6 Kxg2 47.Kxa6 Kxh3 48.b5 g5 49.b6 g4 50.b7 g3
51.b8=Q g2  1-0

[Event "23rd Czech Open Rapid"]
[Site "Pardubice CZE"]
[Date "2012.07.19"]
[Round "7.15"]
[White "Shanava,K"]
[Black "Kulicov,O"]
[Result "1-0"]
[WhiteElo "2578"]
[BlackElo "2429"]

1.e4 c5 2.Nc3 Nc6 3.Nf3 g6 4.d4 cxd4 5.Nxd4 Bg7 6.Be3 Nf6 7.Nxc6 bxc6 8.e5 Nd5
9.Nxd5 cxd5 10.Qxd5 Rb8 11.Bxa7 Rxb2 12.Bd4 Rxc2 13.Bd3 Rc6 14.O-O Ba6 15.Bxa6 Rxa6
16.Qc4 Rc6 17.Qb5 O-O 18.a4 Qc7 19.a5 Rb8 20.Qe2 d6 21.Bb6 Qc8 22.f4 dxe5
23.fxe5 Rcxb6 24.axb6 Qc5+ 25.Kh1 Qxb6 26.Ra6 Qc5 27.Qf3 Rf8 28.Ra8 Qc4 29.Rxf8+ Bxf8
30.h3 Bh6 31.Re1 Qe6 32.Re4 Kg7 33.Kh2 Bd2 34.Qg4 Qxg4 35.Rxg4 h5 36.Rc4 g5
37.Kg3 Bf4+ 38.Rxf4 gxf4+ 39.Kxf4 Kg6 40.e6 fxe6 41.Ke5 Kg5 42.g3 Kg6 43.Kxe6 Kg5
44.Kxe7 h4 45.g4 Kf4 46.Ke6 Kg3 47.g5 Kxh3 48.g6 Kh2 49.g7 h3 50.g8=Q Kh1
51.Qa8+ Kg1 52.Qa1+ Kh2  1-0

[Event "16th Battle of Senta Open A"]
[Site "Senta SRB"]
[Date "2012.07.19"]
[Round "7.10"]
[White "Agoston,Ar"]
[Black "Radusinovic,L"]
[Result "0-1"]
[WhiteElo "2086"]
[BlackElo "2330"]

1.e4 c5 2.Nc3 Nc6 3.Nge2 g6 4.g3 Bg7 5.Bg2 d6 6.O-O Rb8 7.d3 Nd4 8.Be3 b5
9.Qd2 b4 10.Nd1 Qa5 11.Nc1 Qa4 12.c3 bxc3 13.Nxc3 Qa5 14.Nb3 Qd8 15.Bxd4 cxd4
16.Ne2 e5 17.Na5 Bh6 18.f4 Ne7 19.b4 Bg4 20.a3 Qd7 21.Kh1 O-O 22.Ng1 Rbc8
23.Nc4 Be6 24.Qe2 f6 25.Rab1 exf4 26.gxf4 d5 27.Na5 dxe4 28.dxe4 Rc3 29.Qb2 Rfc8
30.Rbd1 d3 31.Rf2 Qa4 32.Ra1 f5 33.Nb7 Bg7 34.e5 Rc2 35.Qd4 Rxf2 36.Qxf2 Rc2
37.Qd4 Rxg2 38.Kxg2 Bd5+ 39.Kg3 Qc2 40.Nf3 Bxb7 41.Qd8+ Bf8 42.Rf1 Qe2 43.Rf2 Qd1
44.Qd7 Bd5 45.h4 d2 46.Qb5 Bxf3  0-1

[Event "112th ch-SUI 2012"]
[Site "Flims SUI"]
[Date "2012.07.20"]
[Round "9.5"]
[White "Domont,A"]
[Black "Carron,J"]
[Result "1/2-1/2"]
[WhiteElo "2364"]
[BlackElo "2372"]

1.e4 c5 2.Nf3 Nc6 3.Nc3 e5 4.Bc4 Be7 5.d3 d6 6.Nd2 Bg5 7.Nf1 Bxc1 8.Rxc1 Nf6
9.Ne3 Be6 10.Ned5 O-O 11.O-O Bxd5 12.Nxd5 Nxd5 13.Bxd5 Ne7 14.Bxb7 Rb8 15.Ba6 Rxb2
16.Bc4 Rb6 17.Qd2 d5 18.exd5 Nxd5 19.Rfe1 Qd6 20.Bxd5 Qxd5 21.Re4 f5 22.Rc4 Rg6
23.f3 Qxf3 24.Rb1 Qc6 25.Kh1 f4 26.Re4 h5 27.Qe2 h4 28.Qh5 c4 29.Rbe1 cxd3
30.cxd3 Rh6 31.Qxe5 h3  1/2-1/2

[Event "Turkish Bank Chess League 2012"]
[Site "Konya TUR"]
[Date "2012.07.20"]
[Round "11"]
[White "Kulaots,K"]
[Black "Nikolova,A"]
[Result "1-0"]
[WhiteElo "2570"]
[BlackElo "2360"]

1.e4 c5 2.Nf3 Nc6 3.Nc3 d6 4.d4 cxd4 5.Nxd4 Nf6 6.Bg5 e6 7.Qd2 a6 8.O-O-O h6
9.Be3 Nxd4 10.Bxd4 b5 11.Kb1 Bb7 12.f3 Be7 13.h4 Rc8 14.Bd3 Bc6 15.g4 b4
16.Ne2 e5 17.Be3 a5 18.Ng3 d5 19.g5 Ng8 20.gxh6 gxh6 21.exd5 Qxd5 22.Nf5 Bf6
23.Qg2 Qe6 24.Be4 Bxe4 25.fxe4 Rc6 26.Qd2 Kf8 27.Rhg1 Rc8 28.Qf2 Qc6 29.Rd6 Qc7
30.Qd2 Re8 31.Rxf6  1-0

[Event "23rd Czech Open A"]
[Site "Pardubice CZE"]
[Date "2012.07.20"]
[Round "1.90"]
[White "Raum,S"]
[Black "Lerch,Pa"]
[Result "1/2-1/2"]
[WhiteElo "2156"]
[BlackElo "2391"]

1.e4 c5 2.Nc3 Nc6 3.Nge2 g6 4.d4 cxd4 5.Nxd4 Bg7 6.Be3 Nf6 7.Bc4 Qa5 8.O-O O-O
9.Nb3 Qc7 10.Be2 a6 11.f4 d6 12.Bf3 Na5 13.Nxa5 Qxa5 14.Qe2 Be6 15.Qf2 Rac8
16.a3 Qc7 17.Bd4 b5 18.Rac1 Bc4 19.e5 dxe5 20.Bxe5 Qa5 21.Rfd1 b4 22.axb4 Qxb4
23.b3 Be6 24.Nd5 Nxd5 25.Bxg7 Rfd8 26.Bxd5 Bxd5 27.Bd4 Ba8 28.Qe3 Qb7 29.Rd2 Rd6
30.c4 Rcd8 31.Rcd1 Qe4 32.Bb6 Rxd2 33.Rxd2 Rxd2 34.Qxd2 f6 35.h3 Kf7 36.Kh2 Bc6
37.Bd4 h6 38.Bb2 g5 39.fxg5 hxg5 40.Bd4 Kg6 41.Bc3 Qb1 42.Bb2 Qf1 43.Ba3 e5
44.Bc5 Kf7 45.Be3 Qb1 46.b4 Qe4 47.c5 Bd5 48.Qf2 Ke6 49.Qe2 Ke7 50.Qd2 Kd7
51.Qf2 Bc6 52.Qd2+ Ke7 53.Qd6+ Kf7 54.Qd2 Kg6 55.Kg1 g4 56.hxg4 Qxg4 57.Kh2 Kg7
58.Bh6+ Kf7 59.Kg1 Qe4 60.Kh2 Bd5 61.Kg1 Ke6 62.Bf8 Kd7 63.Bd6 Kc6 64.Be7 Qb1+
65.Kf2 Qg6 66.Kg1 Qb1+ 67.Kf2 Qh7 68.Bd8 Qd7 69.Bb6 Qf5+ 70.Kg1 Qb1+ 71.Kh2 Qh7+
72.Kg1 Qg8 73.Ba5 f5 74.Qe2 Kd7 75.b5 f4 76.c6+ Ke6 77.Bc3 e4 78.Qh5 Kd6
79.Bb4+ Kc7 80.Ba5+ Kd6 81.Bb4+ Kc7 82.Ba5+  1/2-1/2

[Event "Turkish Bank Chess League 2012"]
[Site "Konya TUR"]
[Date "2012.07.21"]
[Round "12"]
[White "Eminov,O"]
[Black "Apaydin,F"]
[Result "1/2-1/2"]
[WhiteElo "2227"]
[BlackElo "2203"]

1.e4 c5 2.Nf3 Nc6 3.Nc3 g6 4.d4 cxd4 5.Nxd4 Bg7 6.Be3 Nf6 7.Bc4 Qa5 8.f3 Qb4
9.Bb3 Nxe4 10.Nxc6 Bxc3+ 11.bxc3 Qxc3+ 12.Ke2 dxc6 13.Qd4 Qxd4 14.Bxd4 Nf6
15.Kf2 Rf8 16.Rab1 b6 17.Rhe1 Nd5 18.Bg7 Rg8 19.Be5 Be6 20.a4 O-O-O 21.a5 b5
22.c4 Nb4 23.cxb5 Nd3+ 24.Kf1 cxb5 25.Bxe6+ fxe6 26.Re2 Rd5 27.Rc2+ Kd8 28.Bg3 e5
29.Rb3 Nf4 30.Rbc3 Ke8 31.Rc7 Rd7 32.R2c5 Rxc7 33.Rxc7 Kf7 34.Rxa7 Rc8 35.Rb7 Rc1+
36.Kf2 Rc2+ 37.Kf1 Rc1+ 38.Kf2 Rc2+ 39.Kf1 Rc1+ 40.Kf2 Rc2+ 41.Kf1  1/2-1/2

[Event "27th Avoine Open"]
[Site "Avoine FRA"]
[Date "2012.07.22"]
[Round "2.17"]
[White "Safranska,A"]
[Black "Navrotescu,A"]
[Result "1/2-1/2"]
[WhiteElo "2298"]
[BlackElo "2100"]

1.e4 c5 2.Nc3 Nc6 3.Bb5 e6 4.Bxc6 bxc6 5.d3 d5 6.Qe2 d4 7.Nb1 Ne7 8.f4 Ng6
9.Nf3 Bd6 10.e5 Bc7 11.O-O O-O 12.b3 f6 13.Na3 fxe5 14.fxe5 Rf5 15.g4 Rf7
16.Nc4 Ba6 17.Bg5 Qd5 18.Rf2 Raf8 19.Raf1 h6 20.Bc1 Bd8 21.Nd6 Nf4 22.Bxf4 Rxf4
23.h3 Bc7 24.Ne4 Rxe4 25.Qxe4 Qxe4 26.dxe4 Bxf1 27.Kxf1 Rf4 28.Nd2 Bxe5 29.Rxf4 Bxf4
30.Nc4 Bc7 31.Ke2 Kf7 32.Kf3 g6  1/2-1/2

[Event "Sparkassen Open A"]
[Site "Dortmund GER"]
[Date "2012.07.22"]
[Round "9.4"]
[White "Schulze,T"]
[Black "Sundorf,Jannik"]
[Result "1-0"]
[WhiteElo "2309"]
[BlackElo "2170"]

1.e4 c5 2.Nc3 Nc6 3.Nge2 g6 4.d4 cxd4 5.Nxd4 Bg7 6.Be3 d6 7.Qd2 Nf6 8.f3 O-O
9.Bc4 Bd7 10.O-O-O Rb8 11.Bb3 Na5 12.Bh6 Bxh6 13.Qxh6 b5 14.g4 e5 15.Nf5 Nxb3+
16.cxb3 Bxf5 17.exf5 b4 18.Ne4 Nxe4 19.fxe4 Kh8 20.Kb1 Rg8 21.Rd3 Rb6 22.Rhd1 gxf5
23.gxf5 f6 24.Qd2 Qa8 25.Qh6 Qd8 26.Rg3 Rxg3 27.hxg3 Qe7 28.Rc1 Rb8 29.Qd2 Qb7
30.Qxd6 Qxe4+ 31.Ka1 Re8 32.Qxf6+ Kg8 33.Qg5+ Kf8 34.g4 Qf4 35.Qf6+ Kg8 36.Rg1 Qd4
37.Qg5+ Kh8 38.Rh1 Rd8 39.Rc1 e4 40.f6 Rg8 41.f7 Rd8 42.Qf5 Rf8 43.Rh1 Qg7
44.Rf1 e3 45.Qe4 Qg5 46.Qd4+ Qg7 47.Qxe3 Qxg4 48.Qe7 Qg7 49.Qxa7 Rd8 50.Qe7 Rf8
51.Qxb4 Rxf7 52.Qb8+ Qg8 53.Qe5+ Rg7 54.Qf6 Qd5 55.b4 h5 56.Rg1 Qd7 57.b5 h4
58.Qxh4+ Kg8 59.Qc4+  1-0

[Event "27th Avoine Open"]
[Site "Avoine FRA"]
[Date "2012.07.23"]
[Round "3.12"]
[White "Colin,V"]
[Black "Lebret,JM"]
[Result "1/2-1/2"]
[WhiteElo "2391"]
[BlackElo "2101"]

1.e4 c5 2.Nc3 Nc6 3.Bb5 Nd4 4.Bc4 e6 5.Nge2 a6 6.Nxd4 cxd4 7.Ne2 b5 8.Bb3 Bb7
9.d3 Bc5 10.O-O Ne7 11.f4 f5 12.Ng3 g6 13.exf5 exf5 14.Qe1 Qc7 15.Bd2 Qd6
16.a4 b4 17.a5 O-O-O 18.Rf2 h5 19.Nf1 Bd5 20.Re2 Bxb3 21.cxb3 Nc6 22.Rc1 Kb7
23.h3 Rh7 24.Nh2 Re7 25.Rxe7 Qxe7 26.Qg3 Nxa5 27.Qxg6 Nxb3 28.Re1 Qf8 29.Nf3 Bd6
30.Qxh5 Rc8 31.Qg6 Nxd2 32.Nxd2 Bxf4 33.Nc4 Rxc4 34.dxc4 Be3+ 35.Kh1 Qc5
36.Qh5 Qe5 37.Rf1 d3 38.Rxf5 Qg3 39.Qf3+ Qxf3 40.Rxf3 d2 41.Rf1 Kc6 42.g3 d5
43.Kg2 dxc4 44.Kf3 Bd4 45.Ke2 Bxb2 46.h4 Bc1 47.Rf8 Kd5 48.h5 Kd4 49.Rf4+ Kd5
50.Rf5+ Ke4 51.Rf4+ Kd5 52.Rf5+ Kc6 53.h6 c3 54.Rf8 Kb5 55.Rc8 d1=Q+ 56.Kxd1 Bxh6
57.Kc2 a5 58.Rb8+ Kc6 59.g4 Be3 60.Re8 Bd2 61.Kb3 Kb5 62.Re5+ Kb6 63.Re6+ Kb5  1/2-1/2

[Event "45th Biel Masters Open"]
[Site "Biel SUI"]
[Date "2012.07.23"]
[Round "1"]
[White "Saric,Iv"]
[Black "Perman,S"]
[Result "1-0"]
[WhiteElo "2638"]
[BlackElo "2150"]

1.e4 c5 2.Ne2 Nc6 3.Nbc3 g6 4.d4 cxd4 5.Nxd4 Bg7 6.Be3 d6 7.Qd2 Nf6 8.f3 O-O
9.O-O-O Nxd4 10.Bxd4 Be6 11.Kb1 Qc7 12.h4 Rfc8 13.h5 Qa5 14.hxg6 hxg6 15.a3 Rab8
16.Bd3 b5 17.Qg5 Bc4 18.Bxc4 Rxc4 19.Nd5 Qd8 20.Nxf6+ exf6 21.Qd5 Qc7 22.c3 a5
23.Rc1 Qc6 24.Qxc6 Rxc6 25.Rhd1 Kf8 26.Be3 Ke7 27.Rd5 Ke6 28.g4 a4 29.Rh1 Rcc8
30.Rhd1 Bf8 31.f4 Rc4 32.f5+ Kd7 33.Bd4 Kc6 34.Kc2 Be7 35.fxg6 fxg6 36.Bxf6 Bf8
37.Kd3 Re8 38.Bd4 Be7 39.Rf1 Bh4 40.Rf7 Re6 41.Ra7 Rxd4+ 42.cxd4 Kb6 43.Rd7 Kc6
44.Rh7 Bd8 45.Rh2  1-0

[Event "27th Avoine Open"]
[Site "Avoine FRA"]
[Date "2012.07.24"]
[Round "4.17"]
[White "Peyre,T"]
[Black "Perrin,G"]
[Result "1/2-1/2"]
[WhiteElo "2072"]
[BlackElo "2349"]

1.e4 c5 2.Nc3 Nc6 3.Bb5 g6 4.Bxc6 dxc6 5.f4 Bg7 6.Nf3 Nf6 7.O-O O-O 8.d3 Bg4
9.Be3 Nd7 10.h3 Bxf3 11.Qxf3 a5 12.Qf2 a4 13.a3 Qb6 14.Rab1 Bd4 15.Ne2 Bxe3
16.Qxe3 e5 17.fxe5 Rae8 18.Ng3 Rxe5 19.Qh6 c4+ 20.Kh1 cxd3 21.cxd3 Re6 22.Qg5 Qd8
23.Qe3 Qe7 24.Rf4 Qc5 25.d4 Qe7 26.Qf2 Rf6 27.Rf1 Rxf4 28.Qxf4 c5 29.d5 Ne5
30.Ne2 f6 31.Nc3 Qd7 32.Rd1 Nc4 33.Qf2 b6 34.Qe2 Nd6 35.Qa6 Rb8 36.Qxa4 Qxa4
37.Nxa4 Nxe4 38.Re1 f5 39.Nc3 Nf2+ 40.Kg1 Nd3 41.Re7 Rd8 42.b3 Nc1 43.Rb7 Rd6
44.b4 cxb4 45.axb4 Nd3 46.b5 Nb4  1/2-1/2

[Event "45th Biel Masters Open"]
[Site "Biel SUI"]
[Date "2012.07.24"]
[Round "2"]
[White "Genzling,A"]
[Black "Saric,Iv"]
[Result "0-1"]
[WhiteElo "2408"]
[BlackElo "2638"]

1.e4 c5 2.Nf3 Nc6 3.Nc3 d6 4.d4 cxd4 5.Nxd4 Nf6 6.g3 g6 7.Bg2 Nxd4 8.Qxd4 Bg7
9.Be3 O-O 10.Qd2 Bd7 11.h3 b5 12.a3 a5 13.Bd4 Rc8 14.O-O Rc4 15.Rfe1 e5 16.Be3 b4
17.axb4 axb4 18.Nd5 Nxd5 19.Qxd5 Be6 20.Qd2 Qc8 21.b3 Rxc2 22.Qxb4 Bxh3 23.Qxd6 Bxg2
24.Kxg2 Rb2 25.Qd5 h5 26.Reb1 Re2 27.Re1 Rb2 28.Reb1 Rxb1 29.Rxb1 h4 30.Rh1 hxg3
31.Kxg3 Rd8 32.Rc1 Qb8 33.Qc4 Bf8 34.Rc3 Qd6 35.Bg5 Be7 36.Bxe7 Qxe7 37.Rd3 Rb8
38.Qc1 Kg7 39.Kg2 Qh4 40.Qe3 Rh8 41.Qe1 Qh2+ 42.Kf1 Qh1+ 43.Ke2 Qxe4+ 44.Re3 Qg4+
45.Kd2 Ra8 46.Qb1 Rd8+ 47.Rd3 Qf4+ 48.Kc2 Qe4 49.Kd2 Kf6 50.Qf1 Rxd3+ 51.Qxd3 Qxd3+
52.Kxd3 Ke6 53.Kc4 Kd6 54.b4 f5 55.Kb5 e4 56.Kc4 Kc6 57.Kd4 Kb5 58.Kc3 g5
59.Kd4 g4  0-1

[Event "23rd Czech Open A"]
[Site "Pardubice CZE"]
[Date "2012.07.24"]
[Round "5.40"]
[White "Steinberg,N"]
[Black "Potapov,P"]
[Result "1-0"]
[WhiteElo "2326"]
[BlackElo "2458"]

1.e4 c5 2.Nc3 Nc6 3.Nge2 e5 4.Nd5 Nge7 5.Nec3 Nxd5 6.Nxd5 Be7 7.g3 O-O 8.Bg2 d6
9.O-O f5 10.d3 Bg5 11.f4 exf4 12.gxf4 Bh6 13.Be3 Be6 14.Qd2 Qd7 15.Rae1 Rae8
16.a3 a5 17.c3 Bxd5 18.exd5 Ne7 19.b4 axb4 20.axb4 cxb4 21.c4 Ng6 22.c5 dxc5
23.Bxc5 Bxf4 24.Qxb4 Rxe1 25.Rxe1 Rd8 26.Re6 Bb8 27.h4 f4 28.h5 Nh4 29.Be7 Ba7+
30.Kh2 f3 31.Bxd8 fxg2 32.Bb6 Bxb6 33.Rxb6 Qd8 34.Rxb7 g1=Q+ 35.Kxg1 Qg5+
36.Kf2 Qg2+ 37.Ke1 Nf3+ 38.Kd1 Qf1+ 39.Kc2 Qe2+ 40.Kc1 Qe3+ 41.Kb2 Qe2+ 42.Ka1 Qd1+
43.Qb1 Qa4+ 44.Qa2 Qd4+ 45.Qb2 Qa4+ 46.Kb1 Nd4 47.Rb8+ Kf7 48.Qf2+  1-0

[Event "23rd Czech Open A"]
[Site "Pardubice CZE"]
[Date "2012.07.24"]
[Round "5.75"]
[White "Tuma,Ji"]
[Black "Yankelevich,L"]
[Result "1-0"]
[WhiteElo "2312"]
[BlackElo "2147"]

1.e4 c5 2.Ne2 Nc6 3.Nbc3 Nf6 4.g3 d6 5.Bg2 g6 6.d4 cxd4 7.Nxd4 Nxd4 8.Qxd4 Bg7
9.Bg5 h6 10.Bd2 O-O 11.O-O Be6 12.Qb4 Nd7 13.Nd5 Bxd5 14.exd5 Qb6 15.Qh4 Qxb2
16.Bxh6 Bxh6 17.Qxh6 Qf6 18.Rab1 Nc5 19.Rb4 Qg7 20.Qe3 Qe5 21.Qxe5 dxe5 22.Re1 Rac8
23.Rxe5 Rc7 24.h4 Kg7 25.Rd4 Rd8 26.Bf3 Rd6 27.h5 Kf6 28.Re3 e5 29.Rh4 g5
30.Rc4 b6 31.g4 Re7 32.Bg2 Rdd7 33.Rb4 Nb7 34.Rf3+ Kg7 35.Rc4 Nc5 36.Re3 f6
37.Kf1 Kf7 38.Rb4 Rd6 39.Ke1 Ke8 40.Ke2 Kd8 41.Rh3 Rh7 42.Ke3 Rh6 43.Be4 Kc7
44.Rh1 a5 45.Rb5 Na4 46.Kd3 Nc5+ 47.Rxc5+ bxc5 48.Kc4 a4 49.Kxc5 Ra6 50.Rb1 Ra5+
51.Rb5 Rxb5+ 52.Kxb5 a3 53.c4 f5 54.Bxf5 Rb6+ 55.Kc5 Rb2 56.h6 Rxf2 57.h7 Rh2
58.d6+ Kd8 59.Kd5 Ke8 60.Ke6 Rh6+ 61.Kxe5 Kd8 62.c5 Rh2 63.c6 Ke8 64.c7 Kf7
65.c8=Q Re2+ 66.Be4 Re3 67.Qd7+  1-0

[Event "23rd Czech Open A"]
[Site "Pardubice CZE"]
[Date "2012.07.24"]
[Round "5.73"]
[White "Osmanodja,F"]
[Black "Ageichenko,G"]
[Result "1-0"]
[WhiteElo "2199"]
[BlackElo "2329"]

1.e4 c5 2.Nf3 Nc6 3.Nc3 g6 4.d4 cxd4 5.Nxd4 Bg7 6.Be3 Nf6 7.Bc4 d6 8.f3 Bd7
9.Qd2 h5 10.Bb3 Na5 11.O-O Rc8 12.Kh1 a6 13.f4 Nxb3 14.axb3 O-O 15.f5 e5
16.Nde2 Bc6 17.Bg5 Qd7 18.Ng3 b5 19.Bxf6 Bxf6 20.Nd5 Qd8 21.fxg6 fxg6 22.Qh6 Be8
23.Nxh5 gxh5 24.Nxf6+ Rxf6 25.Rxf6 Bf7 26.Raf1 Rc7 27.Qg5+ Kf8 28.Rxf7+  1-0

[Event "45th Biel Masters Open"]
[Site "Biel SUI"]
[Date "2012.07.25"]
[Round "3"]
[White "Harikrishna,P"]
[Black "Maze,S"]
[Result "1/2-1/2"]
[WhiteElo "2684"]
[BlackElo "2573"]

1.e4 c5 2.Nf3 Nc6 3.Nc3 g6 4.d4 cxd4 5.Nxd4 Bg7 6.Be3 Nf6 7.Bc4 Qa5 8.O-O O-O
9.Bb3 d6 10.h3 Bd7 11.Re1 Rfc8 12.Nxc6 Bxc6 13.Nd5 Qd8 14.Bg5 e6 15.Nb4 h6
16.Nxc6 bxc6 17.Bh4 g5 18.Bg3 d5 19.exd5 cxd5 20.c4 dxc4 21.Qxd8+ Rxd8 22.Bxc4 Rac8
23.b3 Ne4 24.Rad1 Nxg3 25.fxg3 Bd4+ 26.Kh2 Rd6 27.g4 Rcd8 28.Rc1 Bb6 29.Re2 Rd1
30.Re1 Bc7+ 31.Kg1 Rxe1+ 32.Rxe1 Bg3 33.Rf1 a5 34.a4 Kg7 35.Rf3 Rd1+ 36.Rf1 Rd2
37.Rf3 Bd6 38.Kh1 Bc5 39.Kh2 Rb2 40.Kh1 Bd4 41.Kh2 Be5+ 42.Kg1 Bd4+ 43.Kh2 Bf2
44.Kh1 Ba7 45.Kh2 Bb8+ 46.Kg1 Bd6 47.g3 Bc5+ 48.Kh1 Bd4 49.Rf1 Rd2 50.Rf3 Rc2
51.Rf1 Rd2 52.Rf3 Bc5 53.Rf1 Bd6 54.Rf3 Rd1+ 55.Rf1 Rd4 56.Rf3 Re4 57.Kg2 Kf8
58.Rf6 Kg7 59.Rf3 Kf8 60.Rf6 Kg7  1/2-1/2

[Event "Politiken Cup 2012"]
[Site "Helsingor DEN"]
[Date "2012.07.28"]
[Round "1.87"]
[White "Petersen,Stee1"]
[Black "Caceres,C"]
[Result "1-0"]
[WhiteElo "2129"]
[BlackElo "1709"]

1.e4 c5 2.Nf3 Nc6 3.Nc3 Nf6 4.Bb5 e6 5.e5 Nd5 6.Bxc6 dxc6 7.Ne4 Be7 8.d3 h6
9.a3 b5 10.c4 Nc7 11.Be3 Na6 12.O-O Bb7 13.Qc2 Rc8 14.Rfd1 O-O 15.Nfd2 f5
16.exf6 Bxf6 17.Nxc5 Nxc5 18.Bxc5 Rf7 19.Ne4 Bd4 20.Bxd4 Qxd4 21.c5 Rcf8
22.Qc3 Qd5 23.f3 Ba8 24.Rf1 Rf5 25.b4 g5 26.Ng3 Rf4 27.Nh5 Rd4 28.Rae1 e5
29.Re4 Rxd3 30.Qxe5 Qxe5 31.Rxe5 Rxa3 32.Rd1 a5 33.Re7 Re8 34.Rg7+ Kf8 35.Rdd7  1-0

[Event "23rd Czech Open A"]
[Site "Pardubice CZE"]
[Date "2012.07.28"]
[Round "9.56"]
[White "Heidrich,Man"]
[Black "Potapov,P"]
[Result "1/2-1/2"]
[WhiteElo "2311"]
[BlackElo "2458"]

1.e4 c5 2.Nf3 Nc6 3.Nc3 e5 4.Bc4 Be7 5.d3 d6 6.O-O Nf6 7.Ng5 O-O 8.f4 Bg4
9.Qe1 exf4 10.Bxf4 Nd4 11.Qd2 Qd7 12.a4 h6 13.Nf3 Nxf3+ 14.gxf3 Bh3 15.Rfe1 Kh7
16.Bg3 Nh5 17.Nd5 Bd8 18.d4 cxd4 19.Qxd4 Nxg3 20.hxg3 Be6 21.Kg2 Qc6 22.c3 Kg8
23.Red1 Qc5 24.Rd2 Rc8 25.Qxc5 Rxc5 26.Rd4 Bxd5 27.Bxd5 b6 28.Kf1 g5  1/2-1/2